000 00574nam a2200181Ia 4500
001 20855
005 20260306172836.0
008 260306t2014||||xx |||||||||||||| ||spa||
041 _aESP
082 _a343.8
_bI59
100 _aInstituto Pacífico
_eAUT
245 0 _aÚltimas modificaciones tributarias y laborales:
_bdoble imposición, renta, IGV, ISC, detracciones, libros electrónicos, inspección laboral, jubilación anticipada, entre otras
260 _c2014
300 _a55 páginas :
_c29 cm.
650 _aGEN
654 _aCCO
942 _cLIB
_dJUS
_fJUS
_2ddc
_n
999 _c20855
_d20855